000
00473nam a2200169Ia 4500
008
090711s9999 xx 000 0 und d
082
_b
61245
100
_a
रायकर प्रतिभा
245
_a
विस्मgती
260
_c
1988
300
_a
204
600
_a
रायकर प्रतिभा
630
_a
विस्मgती
700
_a
रायकर प्रतिभा
730
_a
विस्मgती
942
_c
BOOK
999
_c
294424
_d
294424